000 00528nam a22001697a 4500
005 20251201100735.0
008 251201b |||||||| |||| 00| 0 eng d
020 _a978-93-93330-58-1
050 _aRT 85 .B493 2023
100 _aBHATIA B.D MED
245 _aBHATIA AND GRAIG'S APPLIED PHYSCHOLOGY AND MENTAL HYGIENE FOR NURSES
260 _aINDIA
_bUNIVERSITIES PRESS
_c2023
300 _aX,307
500 _aINCLUDES AN INDEX
650 _aMental health nursing -textbook Psychology ,applied-textbooks
942 _2lcc
_cBK
999 _c216315
_d216315